000 01358nam a2200433 i 4500
001 19373
003 KOSZ 005
005 20190828100738.0
008 000320s1980 pl a |001 0 pol d
015 _aPB 1980/8929
020 _a8320401704
035 _a991013534949705066
035 _a(PL-WaBN)b13645845-48omnis_nlop
035 _ab13645845
035 _a(OCoLC)830961392
035 _a(PL)b0000001364584
035 _a(EXLNZ-48OMNIS_NETWORK)9910144585405606
040 _aWA N
_cWA N
_dKOSZ 005/HR
041 0 _apol
046 _k1980
080 _a681.5
100 1 _aStelmach, Jan.
_eAutor
245 1 0 _aProjektowanie przemysłowych układów automatyki /
_cJan Stelmach.
260 _aWarszawa :
_bWydaw-a Naukowo-Techniczne,
_c1980.
300 _a235, [1] s. :
_bil. tab. wykr. ;
_c24 cm.
336 _2rdacontent
_aTekst
_btxt
337 _2rdamedia
_aBez urządzenia pośredniczacego
_bn
338 _2rdacarrier
_aWolumin
_bnc
380 _aKsiążki
388 _a1901-2000
388 _a1945-1989
504 _aBibliogr. przy rozdz. . - Indeks.
658 _aInżynieria i technika
650 7 _aProjektowanie
650 7 _aAutomatyka
_2DBN
856 _uhttp://koha.tu.koszalin.pl/cgi-bin/koha/opac-detail.pl?biblionumber=19373
_yKatalog online BPK
942 _2UKD
_cKS
999 _c19373
_d19373